000 004910000a22001930004500
001 1646
003 CO-MdFUSB
005 20170615141927.0
008 170615b xxu||||| |||| 00| 0 eng d
020 _a84-263-4916-1
040 _cCO-MdBIC
082 0 4 _a863C An885f
100 1 _aAntón, Rocío
245 1 0 _aUna familia de ogros / Rocío Antón ; Lola Núñez ; ilustraciones Claudia Ranucci
250 _a4a ed.
260 _aMadrid : Luis Vives
300 _a29 P.
942 _cLGB
999 _c48804
_d48804